| 000 | 00705nam a2200169 a 4500 | ||
|---|---|---|---|
| 001 | 60458 | ||
| 005 | 20180714061730.0 | ||
| 008 | 140415s2012 mx 000 0 spa d | ||
| 041 | _aspa | ||
| 082 |
_a378.0114 _bSAL |
||
| 100 | 1 | _aSALDAÑA ALMAZAN, JAVIER | |
| 245 | 1 | 3 |
_aLA COMUNICACIÓN, EJE TRANSVERSAL DE LA PLANEACION ESTRATEGICA Y EL MODELO DE PLANEACION UNIVERSITARIA : _bLA COMUNICACIÓN, EJE TRANSVERSAL DE LA PLANEACION ESTRATEGICA: HACIA UN MODELO DE PLANEACION UNIVERSITARIA PARTICIPATIVA E INCLUYENTE |
| 250 | _a1a ed. | ||
| 260 |
_aMEXICO : _bUNIVERSIDAD AUTONOMA DE GUERRERO, _c2012 |
||
| 300 | _a472 | ||
| 650 | 1 | 4 |
_aPLANIFICACION EDUCATIVA _x _x _xCOMUNICACIN _xUNIVERSIDADES |
| 999 |
_c60458 _d60458 |
||